[Event "Maravilhosa-ch op"]
[Site "Maravilhosa"]
[Date "2016.01.22"]
[Round "2"]
[White "Hernandes, Otto Dmitry Garkaus"]
[Black "Desideri, Ricardo Maruchi"]
[Result "1-0"]
[WhiteElo "2249"]
[BlackElo "1963"]
[PlyCount "73"]
[EventDate "2016.01.22"]
[EventType "swiss"]
[EventRounds "6"]
[EventCountry "BRA"]
[SourceTitle "CBM 170 Extra"]
[Source "ChessBase"]
[SourceDate "2016.02.25"]
[SourceVersion "1"]
[SourceVersionDate "2016.02.25"]
[SourceQuality "1"]

1. d4 Nf6 2. c4 c5 3. d5 e6 4. Nc3 exd5 5. cxd5 d6 6. Nf3 g6 7. Bf4 Bg7 8. Qa4+ Bd7 9. Qb3 Qc7 10. e3 a6 11. a4 0-0 12. Be2 Bf5 13. Nd2 Nbd7 14. e4 Bg4 15. f3 Bh5 16. g4 g5 17. Bxg5 Bg6 18. f4 c4 19. Qc2 h6 20. Bh4 Rfe8 21. Bg3 b5 22. f5 Bh7 23. axb5 axb5 24. Rxa8 Rxa8 25. 0-0 Ne5 26. h3 Nfd7 27. Bf2 Qa5 28. Kg2 Rc8 29. Rc1 Nc5 30. b4 cxb3 31. Nxb3 Nxb3 32. Qxb3 Nd7 33. Qxb5 Qxb5 34. Bxb5 Nc5 35. Na4 Rb8 36. Bxc5 dxc5 37. Bc6 1-0

[Event "Maravilhosa-ch op"]
[Site "Maravilhosa"]
[Date "2016.01.22"]
[Round "1"]
[White "Machado, Wallace Fernandes"]
[Black "Hernandes, Otto Dmitry Garkaus"]
[Result "0-1"]
[WhiteElo "1822"]
[BlackElo "2249"]
[PlyCount "70"]
[EventDate "2016.01.22"]
[EventType "swiss"]
[EventRounds "6"]
[EventCountry "BRA"]
[SourceTitle "CBM 170 Extra"]
[Source "ChessBase"]
[SourceDate "2016.02.25"]
[SourceVersion "1"]
[SourceVersionDate "2016.02.25"]
[SourceQuality "1"]

1. c4 c6 2. Nc3 d5 3. e3 Nf6 4. d4 g6 5. cxd5 cxd5 6. Bd3 Bg7 7. Nge2 0-0 8. 0-0 Nc6 9. a3 a6 10. Ng3 e5 11. dxe5 Ng4 12. f4 Qh4 13. h3 Ngxe5 14. Nge2 Nc4 15. b3 Nd6 16. Ra2 d4 17. Nd5 Qd8 18. e4 Be6 19. Bb1 Nxe4 20. Bxe4 Bxd5 21. Bxd5 Qxd5 22. Rd2 f5 23. Bb2 Rad8 24. b4 d3 25. Bxg7 dxe2 26. Rxd5 exd1Q 27. Rfxd1 Kxg7 28. Kf2 Rxd5 29. Rxd5 Rd8 30. Rxd8 Nxd8 31. Ke3 Kf6 32. Kd4 Ne6+ 33. Ke3 Ke7 34. g3 Kd6 35. Kd3 Kd5 0-1

[Event "Campinas Universities op"]
[Site "Campinas "]
[Date "2011.11.06"]
[Round "5.6"]
[White "Hernandes, Otto Dmitry Garkaus"]
[Black "Gomes, Jordan Rodrigues"]
[Result "1-0"]
[WhiteElo "2056"]
[BlackElo "1948"]
[PlyCount "75"]
[EventDate "2011.11.04"]
[EventType "swiss"]
[EventRounds "7"]
[EventCountry "BRA"]
[SourceTitle "EXT 2014"]
[Source "ChessBase"]
[SourceDate "2013.11.20"]
[SourceVersion "1"]
[SourceVersionDate "2013.11.20"]
[SourceQuality "1"]

1. d4 d5 2. c4 e6 3. Nc3 Nf6 4. Bg5 c6 5. cxd5 exd5 6. e3 Bd6 7. Bd3 0-0 8. Qc2 h6 9. Bh4 Re8 10. Nge2 b5 11. Bg3 a5 12. 0-0 Ba6 13. Bxd6 Qxd6 14. Nf4 Nbd7 15. Rfc1 b4 16. Bxa6 Rxa6 17. Na4 g5 18. Nd3 Ng4 19. g3 Qe7 20. Nac5 Nxc5 21. Nxc5 Raa8 22. Qf5 Nf6 23. Rc2 a4 24. Rac1 b3 25. axb3 axb3 26. Nxb3 Rec8 27. Rxc6 Rxc6 28. Rxc6 Kg7 29. Nc5 Ra2 30. Rb6 Ra7 31. b4 Nd7 32. Nxd7 Rxd7 33. Rb5 Qd8 34. Rc5 Rd6 35. Rc8 Qe7 36. b5 Rf6 37. Qxd5 Qa3 38. Rc6 1-0

[Event "Sao Bernardo do Campo LXSBC op 07th"]
[Site "Sao Bernardo do Campo"]
[Date "2011.05.21"]
[Round "1"]
[White "Hernandes, Otto Dmitry Garkaus"]
[Black "Alves, Sidney David"]
[Result "1-0"]
[WhiteElo "2046"]
[BlackElo "1546"]
[PlyCount "43"]
[EventDate "2011.05.21"]
[EventType "swiss"]
[EventRounds "6"]
[EventCountry "BRA"]
[SourceTitle "EXT 2012"]
[Source "ChessBase"]
[SourceDate "2011.11.24"]
[SourceVersion "1"]
[SourceVersionDate "2011.11.24"]
[SourceQuality "1"]

1. d4 Nf6 2. c4 g6 3. Nc3 d5 4. Nf3 Bg7 5. Qb3 dxc4 6. Qxc4 0-0 7. e4 Bg4 8. Be2 Nfd7 9. Be3 Nb6 10. Qd3 Na6 11. Rd1 Qd6 12. a3 Rfd8 13. 0-0 c5 14. dxc5 Qxd3 15. Rxd3 Rxd3 16. Bxd3 Nd7 17. Bxa6 bxa6 18. Rc1 Bxf3 19. gxf3 Rc8 20. f4 Nxc5 21. Na4 Bxb2 22. Nxb2 1-0

[Event "Sao Bernardo do Campo LXSBC op 07th"]
[Site "Sao Bernardo do Campo"]
[Date "2011.05.21"]
[Round "3"]
[White "Hernandes, Otto Dmitry Garkaus"]
[Black "Santos, Marcus Vinicius M"]
[Result "0-1"]
[WhiteElo "2046"]
[BlackElo "2345"]
[PlyCount "92"]
[EventDate "2011.05.21"]
[EventType "swiss"]
[EventRounds "6"]
[EventCountry "BRA"]
[SourceTitle "EXT 2012"]
[Source "ChessBase"]
[SourceDate "2011.11.24"]
[SourceVersion "1"]
[SourceVersionDate "2011.11.24"]
[SourceQuality "1"]

1. d4 d5 2. c4 e6 3. Nc3 c5 4. cxd5 exd5 5. Nf3 Nc6 6. g3 Nf6 7. Bg2 Be7 8. 0-0 0-0 9. Bg5 Bf5 10. Rc1 c4 11. Ne5 Be6 12. Nxc6 bxc6 13. b3 Qa5 14. Na4 Rfd8 15. Qc2 Rac8 16. Rfd1 c5 17. Nxc5 Bxc5 18. Bxf6 gxf6 19. dxc5 Qxc5 20. e3 d4 21. exd4 Rxd4 22. Rxd4 Qxd4 23. Rd1 Qe5 24. bxc4 Rxc4 25. Qd3 Rc3 26. Qe4 Qxe4 27. Bxe4 Rc5 28. a3 f5 29. Bb7 Kg7 30. Rd3 Rc1+ 31. Kg2 Bc4 32. Re3 Bf1+ 33. Kf3 Kf6 34. h4 Bc4 35. Ba8 a5 36. Bb7 Be6 37. Kg2 a4 38. Kh2 Bb3 39. Ba8 Ra1 40. Bc6 Ra2 41. Kg1 Rxa3 42. Kg2 Ra1 43. Kf3 Be6 44. Bxa4 Bd5+ 45. Ke2 Rxa4 46. f3 f4 0-1